|
|
|
|
| LEADER |
00000naa a2200000 ar4500 |
| 001 |
vtls009310512 |
| 003 |
SK-MaSNL |
| 005 |
20260302144354.0 |
| 008 |
180409|1965 xo g||||| 001 1|slo |
| 015 |
|
|
|a SNBRA2008/07
|2 svkbbbg
|
| 038 |
|
|
|a SNKBUCL
|
| 038 |
|
|
|a SVKBBBG
|
| 040 |
|
|
|a SVKBBBG
|b slo
|c SVKBBBG
|e AACR2
|
| 041 |
1 |
|
|a slo
|b rus
|b eng
|
| 044 |
|
|
|a xo
|c SK
|
| 072 |
|
7 |
|a 94(437)
|x Dejiny Česka a Slovenska
|2 konspekt
|
| 072 |
|
7 |
|a 355/359
|x Vojenstvo. Obrana krajiny. Ozbrojené sily
|2 konspekt
|
| 080 |
|
|
|a 94(437.6)"1944"
|2 2001
|
| 080 |
|
|
|a 94(100)"1939/1945"
|a 355/359
|2 2001
|
| 080 |
|
|
|a 323.26(437.6)"1939/1945"
|2 2001
|
| 080 |
|
|
|a 355.425.4(437.6)"1944"
|2 2001
|
| 080 |
|
|
|a 355/359(100)"1939/1945"
|2 2001
|
| 100 |
1 |
|
|a Friš, Eduard,
|d 1912-1978
|4 aut.
|9 54350
|
| 245 |
1 |
0 |
|a Slovenské národné povstanie v európskej rezistencii
|c Edo Friš
|
| 504 |
|
|
|a Bibliogr. odkazy
|
| 546 |
|
|
|a Res. angl., rus.
|
| 648 |
|
7 |
|a 1939-1945
|2 svkbbbg
|9 281648
|
| 648 |
|
7 |
|a 1944
|2 svkbbbg
|9 294704
|
| 650 |
0 |
7 |
|a Slovenské národné povstanie (1944)
|2 svkbbbg
|9 177948
|
| 650 |
0 |
7 |
|a druhá svetová vojna (1939-1945)
|2 svkbbbg
|9 169657
|
| 651 |
|
7 |
|a Slovensko
|x dejiny
|2 svkbbbg
|9 13278
|
| 651 |
|
7 |
|a Európa
|2 svkbbbg
|9 167569
|
| 773 |
0 |
|
|t Slovenské národné povstanie roku 1944 : (sborník príspevkov z národnooslobodzovacieho boja 1938-1945)
|d Bratislava : Slovenská akadémia vied, 1965
|g S. 513-[532]
|
| 852 |
|
|
|a SVKBB
|b KIS3GCP
|
| 958 |
|
|
|a NB
|
| 958 |
|
|
|a OS
|
| 999 |
|
|
|c 1348849
|d 1350779
|